| 000 | 01446cam a2200253 4500 | ||
|---|---|---|---|
| 001 | ABS64555 | ||
| 008 | 010928n2001 000 0 eng u | ||
| 035 | _a(Sirsi) u114923 | ||
| 100 | _aSpires, S. | ||
| 245 | _aCaution on the US storefront | ||
| 260 | _c2001 | ||
| 490 |
_aNational Real Estate Investor _v43(8) 15 July 2001, 69(1) |
||
| 520 | _aLooks at the impact of the slowing economy on the retail construction market in the United States. Suggests that despite the shaky economy retail construction is moving forward. According to Grubb & Ellis's "Retail Market Trends" newsletter, retail property markets have slowed with the economy, but not to the same degree. Meanwhile retail sales are continuing to register moderate, positive growth. Notes that the slow economy is impacting leasing markets, where there is pronounced sluggishness as tenants wait to see how quickly the economy will recover. Also discusses open-air developments, which make up a high percentage of the projects currently in development or proposed. Lifestyle centres are also growing in popularity among US developers. | ||
| 590 | _aABS | ||
| 650 | _aUNITED STATES | ||
| 650 | _aRETAIL PROPERTY | ||
| 650 | _aPROPERTY-COMMERCIAL PROPERTY-RETAIL PROPERTY-RETAIL PROPERTY MARKET | ||
| 650 | _aBUILT ENVIRONMENT | ||
| 650 | _aECONOMY | ||
| 650 | _aLIFESTYLE CENTRES | ||
| 650 | _aOPEN-AIR DEVELOPMENTS | ||
| 690 | _aINTERNATIONAL | ||
| 942 | _n0 | ||
| 999 |
_c68424 _d68424 |
||